00764nam a22001937a 450000500170000000800410001702000150005805000210007310000300009424501130012426000350023730000180027233600100029033700140030033800120031449000190032650502060034565000190055120231102151704.0140726s2005 sp ||||| |||| 00| 0 spa d a843396795914aHM216bL523 20051 aLipovetsky, Gilleseautor12aEl crepúsculo del deberb : La ética indolora de los nuevos tiempos democráticosc / Gilles Lipovetsky aEspañab : Anagramac , 2005 a283 páginas atexto asin medio avolumen aCompactos, 364 aLa consagración del deber Edén, edén Buscando la moral individual desesperadamente El orden moral o ¿cómo desembarazarse de él? La renovación ética Las bodas de la ética y del business1 aÉTICA SOCIAL